000 00325nam a22001217a 4500
008 180511b xxu||||| |||| 00| 0 eng d
041 _aeng
080 _a043.3
100 _a0
101 _aMBE-MTH
245 _aAuditimi i perfomancës së Burimeve Njerëzore në Institucionet Shëndetësore
_cLuboteni,E
942 _2udc
_cBK
999 _c45700
_d45700